Národ a Evropa v českém myšlení /

Další autoři: Musil, Jan, 1988-
Jazyk: Čeština
Vydáno: Ústí n. Labem : Filozofická fakulta Univerzity J.E. Purkyně v Ústí n. Labem, 2015
Vydání: Vydání první
Edice: Acta Universitatis Purkynianae Facultatis philosophicae. Studia philosophica
Témata:
Fyzický popis: 157 stran ; 21 cm
Language note: Anglické resumé
Knihy
Uloženo v:
LEADER 02459nam a2200649 i 4500
001 nkc20152749042
003 CZ PrNK
005 20231024141331.0
007 ta
008 151026s2015 xr f 001 0 cze
015 |a cnb002749042 
020 |a 978-80-7414-960-3  |q (brožováno)  |z 978-80-7414-903-0 
035 |a (OCoLC)946292618 
040 |a ABA001  |b cze  |d BOA001  |e rda 
041 0 |a cze  |b eng 
043 |a e------  |a e-xr--- 
072 7 |a 321  |x Politologie  |2 Konspekt  |9 15 
080 |a 323.1:316.347  |2 MRF 
080 |a 321.01  |2 MRF 
080 |a 316.344.8(4)  |2 MRF 
080 |a [339.923+327](4)  |2 MRF 
080 |a 32:1  |2 MRF 
080 |a (4)  |2 MRF 
080 |a (437.3)  |2 MRF 
080 |a (048.8:082)  |2 MRF 
245 0 0 |a Národ a Evropa v českém myšlení /  |c Jan Musil (ed.) 
250 |a Vydání první 
264 1 |a Ústí n. Labem :  |b Filozofická fakulta Univerzity J.E. Purkyně v Ústí n. Labem,  |c 2015 
300 |a 157 stran ;  |c 21 cm 
336 |a text  |b txt  |2 rdacontent 
337 |a bez média  |b n  |2 rdamedia 
338 |a svazek  |b nc  |2 rdacarrier 
490 1 |a Acta Universitatis Purkynianae Facultatis philosophicae. Studia philosophica ;  |v svazek č. 10 
500 |a Místo vydání má být správně: Ústí nad Labem 
500 |a 200 výtisků 
504 |a Obsahuje bibliografii, bibliografické odkazy a rejstřík 
546 |a Anglické resumé 
650 0 7 |a národ (kategorie)  |7 ph123422  |z Evropa  |2 czenas 
650 0 7 |a stát  |7 ph126176  |z Evropa  |2 czenas 
650 0 7 |a evropanství  |7 ph117543  |2 czenas 
650 0 7 |a evropská integrace  |7 ph137464  |2 czenas 
650 0 7 |a politická filozofie  |7 ph115786  |z Česko  |2 czenas 
650 0 9 |a nation  |z Europe  |2 eczenas 
650 0 9 |a State, The  |z Europe  |2 eczenas 
650 0 9 |a European identity  |2 eczenas 
650 0 9 |a European integration  |2 eczenas 
650 0 9 |a political philosophy  |z Czechia  |2 eczenas 
655 7 |a kolektivní monografie  |7 fd501537  |2 czenas 
655 9 |a collective monographs  |2 eczenas 
700 1 |a Musil, Jan,  |d 1988-  |7 mzk2016904464  |4 edt 
830 0 |a Acta Universitatis Purkynianae Facultatis philosophicae.  |p Studia philosophica  |0 s 
910 2 |a BOA001  |b 2-1363.406 
990 |a BK 
995 |a 01 
991 |b 201603  |c NOV 
996 6 |b 2610661650  |c 2-1363.406  |l MZK  |r Sklad / do 1 hodiny  |n 0  |p p.v.  |w 001547994  |u 000010  |a 1  |e BOA001  |j MZK50  |s P 
996 7 |b 2610664805  |c 2-1363.406  |l MZK  |r Sklad / do 1 hodiny  |n 0  |p kup  |w 001547994  |u 000020  |a 1  |e BOA001  |j MZK50  |s A